| 000 | 00429nam a2200181 4500 | ||
|---|---|---|---|
| 003 | AR-RoIUNI | ||
| 005 | 20250630161155.0 | ||
| 008 | 250630b |||||||| |||| 00| 0 spa d | ||
| 040 | _cAR-RoIUNI | ||
| 080 | _a155.4 | ||
| 100 | _aPiaget, Jean; Inhelder, Barbel. | ||
| 245 | _aPsicologia del niño | ||
| 260 |
_aMadrid _bMorata, S. A. _c1969 |
||
| 300 | _a158 p | ||
| 650 | _aPSICOLOGIA | ||
| 650 | _aNIÑO | ||
| 942 |
_2cdu _cBK |
||
| 999 |
_c6090 _d6090 |
||